00412nam a2200121Ia 4500008004100000100001800041245007000059245005300129260000900182300003100191440004500222650002300267171207s9999 xx 000 0 und d aTaibi, Davide aHow developers perceive smells in source code: A replicated study cDavide Taibi, Andrea Janes, Valentina Lenarduzzi c2017 apages 223-235, August 2017 aInformation and Software Technologyv92: aSOFTWARE TECHNLOGY